Investment management : (Record no. 3629)

MARC details
000 -LEADER
fixed length control field 00615nam a2200145 4500
020 ## - INTERNATIONAL STANDARD BOOK NUMBER
ISBN 9788121912488
050 ## - CALL NUMBER
Classification number HG4521
100 ## - AUTHOR
Personal name V K Bhalla
245 ## - TITLE
Title Investment management :
Remainder of title Security analysis and portfolio management.
Statement of responsibility, etc V K Bhalla
250 ## - EDITION
Edition statement 11th ed
260 ## - PUBLICATION INFORMATION
Place of publication New Delhi :
Name of publisher S Chand,
Year of publication 2007.
300 ## - DESCRIPTION
Number of Pages 1050pgs
Other physical details ill
Dimensions 21cm
505 ## - FORMATTED CONTENTS NOTE
Table of Content Part I. The investment environment<br/>Part II. Alternative investment outlets for funds<br/>Part III. Security analysis <br/>Part IV. Portfolio analysis and management <br/>Part V. Financial derivatives <br/>Part VI. International financial flows <br/>
942 ## - ADDED ENTRY ELEMENTS (KOHA)
Koha item type Books
Holdings
Withdrawn status Lost status Collection code Home library Current library Shelving location Date acquired Full call number Accession Number Koha item type
    Reference Methodist University Library Main Methodist University Library Main General Stacks 21/06/2005 HG4521 14111 Books
    Reference Methodist University Library Main Methodist University Library Main General Stacks 21/06/2005 HG4521 14112 Books
Copyright © 2026  MUG Library